Trade problems between Japan and Western Europe

محفوظ في:
التفاصيل البيبلوغرافية
المؤلف الرئيسي: Hanabusa, Masamichi
التنسيق: كتاب
اللغة:Undetermined
منشور في: London The Royal Institute of International Affairs 1979
الموضوعات:
الوسوم: إضافة وسم
لا توجد وسوم, كن أول من يضع وسما على هذه التسجيلة!
Thư viện lưu trữ: Trung tâm Học liệu Trường Đại học Cần Thơ
LEADER 00587nam a2200205Ia 4500
001 CTU_82544
008 210402s9999 xx 000 0 und d
082 |a 382 
082 |b H233 
100 |a Hanabusa, Masamichi 
245 0 |a Trade problems between Japan and Western Europe 
245 0 |c Masamichi Hanabusa 
260 |a London 
260 |b The Royal Institute of International Affairs 
260 |c 1979 
650 |a Europe,Japan 
650 |x Commerce,Commerce 
650 |z Japan,Europe 
904 |i Trúc, QHieu 
980 |a Trung tâm Học liệu Trường Đại học Cần Thơ